Psicologa̕ e investigacin̤ criminal el testimonio /

Bibliographic Details
Main Author: Ibę̀z Peinado, Još
Format: Unknown
Language:Spanish
Published: Madrid : Dykinson, 2009
Subjects:
Online Access:Acceso restringido

MARC

LEADER 00000ny a22000003n 4500
005 20110623121118.0
008 091005s2009 sp a | ||||o000 0 spa
015 |a MON0912 
017 |a D.L.M.33761-2009 
020 |a 9788498497281 
035 |a 5002 
040 |a BUS  |d vLex 
080 |a 343.123.1 
090 |c 1055  |d 1055 
100 1 |a Ibę̀z Peinado, Još 
245 1 0 |a Psicologa̕ e investigacin̤ criminal  |h [Recurso electrn̤ico]  |b el testimonio /  |c Jos ̌Ibę̀z Peinado 
256 |a Servicio en ln̕ea 
260 |a Madrid :  |b Dykinson,  |c 2009 
300 |a 409 p.  |b il.  |c 23 cm 
504 |a Bibliogr. :p. [377]-409 
506 1 |a Contenido solo disponible en los productos indicados  |d vLex Global  |d vLex Global (Academic Edition, excluding Law Schools)  |d vLex Global (U.S. Academic Edition, Law Schools)  |d vLex Global (U.S. Academic Edition, excluding Law Schools)  |d vLex Global (Academic Edition, Law Schools) 
650 0 7 |a Polt̕ica criminal y criminologa̕  |2 Tesauro vLex 
650 0 7 |a Derecho penal  |2 Tesauro vLex 
650 0 7 |a Penal  |2 Tesauro vLex 
740 0 |a vLex Libros (Servicios en ln̕ea) 
856 4 0 |u http://vlex.com/source/5002  |z Acceso restringido 
942 |c BOOK